Normal view
MARC view
- Dr. Jayan P.R (Guide)
Entry Personal Name
001 - CONTROL NUMBER
- control field: 3380
003 - CONTROL NUMBER IDENTIFIER
- control field: OSt
005 - DATE AND TIME OF LATEST TRANSACTION
- control field: 20180927113934.0
008 - FIXED-LENGTH DATA ELEMENTS
- fixed length control field: 180927|| aca||aabn | a|a d
040 ## - CATALOGING SOURCE
- Original cataloging agency: OSt
- Transcribing agency: OSt
100 ## - HEADING--PERSONAL NAME
- Personal name: Dr. Jayan P.R (Guide)
670 ## - SOURCE DATA FOUND
- Source citation: Work cat.: (OSt)14930: BINOY K.M JAYASANKAR S. KAIMAL 3379, Performance evaluation of a paddy drum seeder in a farmer's field in Chamravattom of Malappuram district
